Blue Lock - Neo-Egoist-League (chaptre 259) - Statistiques

Statistiques générales
  • Ce quiz a été pris 246 fois
  • Le résultat moyen est 30 sur 55
Statistiques - réponses
Equipe Joueurs % Correct
Bastard Munchen Isagi Yoichi
99%
FC Barcha Bachira Meguru
94%
Bastard Munchen Michaël Kaiser
94%
Manshine City Nagi Seishirô
92%
Ubers Barô Shôei
91%
PXG Itoshi Rin
91%
Manshine City Chigiri Hyôma
90%
Manshine City Mikage Reo
89%
Bastard Munchen Kunigami Rensuke
88%
Bastard Munchen Noël Noa
88%
PXG Shidô Ryûsei
88%
Bastard Munchen Alexis Ness
84%
PXG Julian Loki
80%
Bastard Munchen Hiori Yô
78%
FC Barcha Otoya Eita
78%
Ubers Aiku Oliver
77%
Ubers Niko Ikki
77%
Bastard Munchen Gagamaru Gin
76%
Bastard Munchen Raichi Jingo
76%
Bastard Munchen Kurona Ranze
75%
Manshine City Chris Prince
73%
PXG Karasu Tabito
72%
Bastard Munchen Yukimiya Kenyû
71%
Ubers Aryû Jûbei
70%
PXG Charles Chevalier
70%
Ubers Don Lorenzo
69%
Bastard Munchen Igarashi Gurimu
69%
FC Barcha Lavinho
67%
Ubers Marc Snuffy
66%
PXG Tsurugi Zantetsu
65%
PXG Nanase Nijirô
64%
Ubers Sendô Shûto
61%
PXG Tokimitsu Aoshi
55%
Bastard Munchen Kiyora Jin
54%
Bastard Munchen Neru Teppei
38%
Manshine City Wanima Junichi
30%
FC Barcha Darai Miroku
29%
Ubers Fukaku Gen
29%
Manshine City Nishioka Hajime
29%
Manshine City Hiiragi Reiji
24%
Manshine City Niô Kazuma
23%
FC Barcha Hayate Haru
20%
PXG Chô Kento
19%
FC Barcha Himizu Aiki
18%
Manshine City Tsunzaki Taiga
16%
Ubers Ishikari Yukio
14%
FC Barcha Kitsunezato Teru
14%
Manshine City Saramadara Kairu
14%
Ubers Tanaka Shingen
14%
FC Barcha Wakatsuki Itsuki
14%
Ubers Shiguma Kyôhei
13%
FC Barcha Sokura Tetsu
13%
PXG Endôji Akira
12%
FC Barcha Haiji Shizuka
12%
PXG Yuzu Haruhiko
12%
Aucun quiz correspondant
Distribution des résultats
% des personnes avec chaque résultat
Percentile par nombre de réponses
Votre historique - résultats
Vous n’avez pas pris ce quiz